LEADER 00912nam a2200241 i 4500 001 000000190530 003 CaOOAMICUS 005 20100621000000.0 008 100621s1925 it u000 u fre u 013 $a168943 040 $aSeMil$bita 100 1 $aPrat, Ferdinand .$0(OLS)http://semarc/name/3556 245 10$aSaint Paul /$cpar F. Prat S.J. 250 $aonzième édition. 260 $aParis :$bLibrairie Victor Lecoffre,$c1925. 300 $a208 p. + 1 c. geogr. ;$c19 cm. 490 0 $aLes saints 600 04$aPaolo .$0(OLS)http://semarc/subject/1316 830 4$aLes saints.$0(OLS)http://semarc/title/31354 850 $aSeMil 852 $aSeMil$W1$xVenegono$y1$m3H I 129$j141147$B141147$CSeMilBibl$Z2$F152754 $81 996 $6245$aSaint Paul$9(OLS)http://semarc/title/419255 996 $6260$aParis :$bLibrairie Victor Lecoffre$9(OLS)http://semarc/publisher/31879 LEADER 01464nam a2200313 i 4500 001 000000121699 003 CaOOAMICUS 005 20090716000000.0 008 090716s2003 it u000 u ita u 013 $a94394 020 $a88-04-52348-4 040 $aSeMil$bita 245 10$aGiovanni Paolo Teologo :$bnel segno delle Encicliche /$cA cura di Graziano Borgonovo e Arturo Cattaneo ; prefazione di Camillo Ruini. 260 $aMilano :$bMondadori,$c2003. 300 $a302 p. ;$c23 cm. 490 0 $aUomini e religioni. Saggi 500 $aContiene : Bibliografia. - Dono del Card. Dionigi Tettamanzi. 650 4$aGiovanni Paolo II - Encicliche - Commentari e studi.$0(OLS)http://semarc/subject/16833 700 1 $aBorgonovo, Graziano,$d<1960- >.$0(OLS)http://semarc/name/12401 700 1 $aCattaneo, Arturo,$d<1948- >.$0(OLS)http://semarc/name/12402 700 1 $aRuini, Camillo,$c.$0(OLS)http://semarc/name/7198 830 0$aUomini e religioni. Saggi.$0(OLS)http://semarc/title/9675 850 $aSeMil 852 $aSeMil$W1$xVenegono$y1$m2A III 19 °$j76759$B76759$CSeMilBibl$Z2$F78234 $81 941 1 $a5 961 $aOmaggio: Tettamanzi Card. Dionigi 996 $6020$a88-04-52348-4$9(OLS)http://semarc/number/107263 996 $6245$aGiovanni Paolo Teologo :$bnel segno delle Encicliche$9(OLS)http://semarc/title/179220 996 $6260$aMilano :$bMondadori$9(OLS)http://semarc/publisher/30335